Současné světové pojistní trhy

Vývoj svetových poistných trhov v neživotnej oblasti a vplyv politických a spoločenských udalostí naň. Charaktristika vybraných tried obchodu, ktoré sú v záujme poistenia.

Gespeichert in:
Bibliographische Detailangaben
1. Verfasser: Janata, Jiří
Format: Buchkapitel
Sprache:Tschechisch
Schlagworte:
Tags: Tag hinzufügen
Keine Tags, Fügen Sie das erste Tag hinzu!

MARC

LEADER 00000naa a2200000 4500
001 r048889
005 20230922101234.6
041 0 |a cze 
044 |a CZ 
245 1 0 |a Současné světové pojistní trhy  |c Jiří Janata 
520 |a Vývoj svetových poistných trhov v neživotnej oblasti a vplyv politických a spoločenských udalostí naň. Charaktristika vybraných tried obchodu, ktoré sú v záujme poistenia. 
610 2 0 |a trh poistný 
610 2 0 |a poisťovníctvo 
610 2 0 |a poistenie 
610 2 0 |a poistenie cestovné 
610 2 0 |a poistenie dopravné 
610 2 0 |a poistenie majetku 
610 2 0 |a poistenie neživotné 
610 2 0 |a poistenie podnikov 
610 2 0 |a poistenie zodpovednostné 
610 2 0 |a svet 
100 1 |a Janata, Jiří